Automotive heating and air conditioning
Book is provides a complete, state-of-the-art source on automotive heating, ventilation, and air conditioning systems, as well as the practical skills that students must master to be successful in the industry
Salvato in:
| Autore principale: | |
|---|---|
| Natura: | Libro |
| Lingua: | Vietnamese |
| Pubblicazione: |
Boston
Pearson
2018
|
| Edizione: | 8th ed. |
| Soggetti: | |
| Tags: |
Aggiungi Tag
Nessun Tag, puoi essere il primo ad aggiungerne! !
|
| Thư viện lưu trữ: | Thư viện Trường Đại học Nam Cần Thơ |
|---|
| LEADER | 01011nam a22002177a 4500 | ||
|---|---|---|---|
| 001 | NCT_65043 | ||
| 008 | 190808b xxu||||| |||| 00| 0 vie d | ||
| 999 | |c 3150 |d 3150 | ||
| 020 | |a 9780134603698 |c 4722000 | ||
| 082 | 0 | 4 | |2 23rd ed. |a 629.2772 |b H316 |
| 100 | 1 | |a Halderman, James D. | |
| 245 | 1 | 0 | |a Automotive heating and air conditioning |c James D. Halderman |
| 250 | |a 8th ed. | ||
| 260 | |a Boston |b Pearson |c 2018 | ||
| 300 | |a xiv, 252 p. |b ill. |c 28cm | ||
| 504 | |a Includes bibliographies and index. | ||
| 520 | 3 | |a Book is provides a complete, state-of-the-art source on automotive heating, ventilation, and air conditioning systems, as well as the practical skills that students must master to be successful in the industry | |
| 653 | |a Công nghệ kỹ thuật ô tô | ||
| 942 | |2 ddc |c BK | ||
| 952 | |0 0 |1 0 |2 ddc |4 0 |6 629_277200000000000_H316 |7 0 |9 17014 |a 000001 |b 000001 |d 2019-08-08 |o 629.2772 H316 |p MD.16028 |r 2019-08-08 |v 999999.99 |w 2019-08-08 |y BK | ||
| 980 | |a Thư viện Trường Đại học Nam Cần Thơ | ||


